Numerical recipes example book (C) /
Gespeichert in:
| Weitere Verfasser: | |
|---|---|
| Format: | Buch |
| Sprache: | Englisch |
| Veröffentlicht: |
Cambridge New York
Cambridge University Press
1992.
|
| Ausgabe: | 2nd ed. |
| Schlagworte: | |
| Online-Zugang: | Publisher description Table of contents Im OPAC anzeigen |
| Tags: |
Keine Tags, Fügen Sie das erste Tag hinzu!
|
MARC
| LEADER | 00000cam a2200000 a 4500 | ||
|---|---|---|---|
| 005 | 20260127134408.0 | ||
| 008 | 050707s1992 enk 001 0 eng | ||
| 010 | |a 93-148920 | ||
| 020 | |a 0521437202 | ||
| 020 | |a 0521437148 (IMB 5.25") | ||
| 020 | |a 0521437245 (IBM 3.5") | ||
| 020 | |a 0521437156 (Mac 3.5") | ||
| 035 | |a vtls008182822 | ||
| 035 | |a 3949026 | ||
| 039 | 9 | |a 200507070953 |b mschk03 |y 200507070952 |z mschk03 | |
| 040 | |a STUSCHK1 |b slo |c STUSCHK1 | ||
| 082 | 0 | 0 | |a 519.4/0285/5133 |2 20 |
| 245 | 0 | 0 | |a Numerical recipes example book (C) / |c William T. Vetterling ... [et al.]. |
| 250 | |a 2nd ed. | ||
| 260 | |a Cambridge |a New York |b Cambridge University Press |c 1992. | ||
| 300 | |a viii, 325 p. |c 24 cm. | ||
| 500 | |a Includes index. | ||
| 650 | 0 | |a C (Computer program language) | |
| 700 | 1 | |a Vetterling, William T. | |
| 856 | 4 | 2 | |3 Publisher description |u http://www.loc.gov/catdir/description/cam026/93148920.html |
| 856 | 4 | 1 | |3 Table of contents |u http://www.loc.gov/catdir/toc/cam028/93148920.html |
| 906 | |a 7 |b cbc |c orignew |d 2 |e ncip |f 19 |g y-gencatlg | ||
| 910 | |a SCHK95 | ||
| 919 | |a 0-521-43720-2 | ||
| 922 | |a ad | ||
| 991 | |b c-MRC |h QA76.73.C15 |i N86 1992 |p 0001857326A |t Copy 1 |w BOOKS | ||
| 999 | |c 11721 |d 11721 | ||